000 00317nam a2200121Ia 4500
008 220204s9999 xx 000 0 und d
082 _a678.023.3
_bBOR
100 _aBorzenski, F.J
245 0 _aTangential and intermeshing batch mixers
260 _aNew Delhi
_b2002
505 _aAsia Rubtech Expo 2002
942 _cBK
999 _c44047
_d44047